Torschützenliste 1. Bundesliga 19/20 - Statistiken

Allgemein
  • Dieses Quiz wurde 133 mal gespielt
  • Das Durchschnittsergebnis liegt bei 13 aus 20
Antwortstatistiken
Tore Verein Spieler % Korrekt
34 Tore Bayern Robert Lewandowski
100%
28 Tore Leipzig Timo Werner
97%
13 Tore Dortmund Erling Haaland
88%
12 Tore Bayern Serge Gnabry
85%
11 Tore Dortmund Marco Reus
82%
17 Tore Dortmund Jadon Sancho
80%
16 Tore Wolfsburg Wout Weghorst
72%
12 Tore Hoffenheim Andrej Kramaric
71%
11 Tore Freiburg Nils Petersen
69%
10 Tore Gladbach Alassane Plea
66%
10 Tore Gladbach Marcus Thuram
65%
12 Tore Frankfurt André Silva
61%
12 Tore Leverkusen Kai Havertz
60%
15 Tore Düsseldorf Rouwen Hennings
58%
10 Tore Leipzig Patrik Schick
54%
13 Tore Augsburg Florian Niederlechner
50%
10 Tore Leverkusen Kevin Volland
50%
12 Tore Union Sebastian Andersson
38%
13 Tore Mainz Robin Quaison
36%
13 Tore Köln Jhon Córdoba
34%
Keine übereinstimmenden Quizze gefunden
Verteilung der Resultate
Anzahl Personen mit jedem Resultat
Perzentil nach korrekt beantworteten Fragen
Ihre Resultats-Entwicklung
Sie haben dieses Quiz noch nicht gespielt